000 00534nam a2200181Ia 4500
008 090123s9999 xx 000 0 und d
082 _b28128
100 _aमिरासदार द.मा.
245 _aअंगत-पंगत
250 _a1
260 _bसुयोग प्रकाशन
_c1998
300 _a165
600 _aमिरासदार द.मा.
630 _aअंगत-पंगत
700 _aमिरासदार द.मा.
730 _aअंगत-पंगत
942 _cBOOK
999 _c66588
_d66588